Disclosure requirements: draft regulations (Record no. 117372)

MARC details
000 -LEADER
fixed length control field 01082cam a2200229 4500
001 - CONTROL NUMBER
control field WB4019-20
008 - FIXED-LENGTH DATA ELEMENTS--GENERAL INFORMATION
fixed length control field 040519n2004 000 0 eng u
035 ## - SYSTEM CONTROL NUMBER
System control number (Sirsi) u126230
245 ## - TITLE STATEMENT
Title Disclosure requirements: draft regulations
260 ## - PUBLICATION, DISTRIBUTION, ETC.
Date of publication, distribution, etc. 2004
490 ## - SERIES STATEMENT
Series statement Inland Revenue
Volume/sequential designation (24/04) 17 May 2004 (1)
520 ## - SUMMARY, ETC.
Summary, etc. The Inland Revenue publishes draft regulations setting out details of the new obligations on promoters and users of certain tax schemes and arrangements to disclose those details. The regulations include procedural rules that set out how and when disclosures need to be made and also details of the financial and employment based arrangements that must be notified under the disclosure rules. For the Inland Revenue news release: http://www.inlandrevenue.gov.uk/drafts/disclosure. htm
590 ## - LOCAL NOTE (RLIN)
Local note WB
590 ## - LOCAL NOTE (RLIN)
Local note WB
650 ## - SUBJECT ADDED ENTRY--TOPICAL TERM
Topical term or geographic name entry element INLAND REVENUE
650 ## - SUBJECT ADDED ENTRY--TOPICAL TERM
Topical term or geographic name entry element DISCLOSURE REQUIREMENTS
650 ## - SUBJECT ADDED ENTRY--TOPICAL TERM
Topical term or geographic name entry element DISCLOSURE RULES
650 ## - SUBJECT ADDED ENTRY--TOPICAL TERM
Topical term or geographic name entry element TAX POLICY
650 ## - SUBJECT ADDED ENTRY--TOPICAL TERM
Topical term or geographic name entry element TAX AVOIDANCE SCHEMES (INFORMATION) REGULATIONS 2004
690 ## - LOCAL SUBJECT ADDED ENTRY--TOPICAL TERM (OCLC, RLIN)
Topical term or geographic name as entry element TAXATION
942 ## - ADDED ENTRY ELEMENTS (KOHA)
Suppress in OPAC 0
Holdings
Withdrawn status Lost status Source of classification or shelving scheme Damaged status Not for loan Home library Current library Shelving location Date acquired Total Checkouts Full call number Barcode Date last seen Copy number Price effective from Koha item type
    Dewey Decimal Classification     London London RICS Boxes 21/05/2004   WB4019-20 126230-1001 06/08/2019 1 06/08/2019 Book